000 00994cab a2200229 i 4500
001 768714001
003 CO-MdFUSB
005 20230111084047.0
008 180613s1991 gt ||||| |||| 00| 0 spa d
022 _a1014-9341
040 _aCO-MdFUSB
_bspa
_cCO-MdFUSB
_dCO-MdFUSB
041 _aspa
100 1 _aPinto, Carlos
_eautor
245 1 3 _aEl cantar de los Cantares (Segunda de dos partes)
_c/ Carlos Pinto
300 _aNúmero 8 (Enero - Junio, 1991), páginas 39-52
_c; 22 cm
520 _aEste artículo es el segundo de una serie de tres, en la que se presentan aspectos introductorios del Cantar de los Cantares y una crítica a los acercamientos interpretativos del mismo
630 0 7 _aBiblia.
_pCantares
_xCrítica, interpretación, etc
650 7 _9418
_aHermenéutica
773 0 _tKairós
_049489
_961209
_gNúmero 8 (Enero - Junio, 1991), páginas 39-52
_qPágina 39
773 0 _tKairós
_049489
_961208
_gNúmero 8 (Enero - Junio, 1991), páginas 39-52
_qPágina 39
942 _cANA
999 _c51161
_d51161